[Event "Ruhrgebiet Verbandsklasse Gruppe 1 1819"]
[Site "Nordrheinwestfalen"]
[Date "2019.01.20"]
[Round "5.6"]
[White "Scheibe, Andreas"]
[Black "Abdullah, Abdullah"]
[Result "1-0"]
[WhiteElo "1788"]
[BlackElo "1697"]
[PlyCount "60"]
[EventDate "2018.09.23"]
[EventType "team-tourn"]
[EventRounds "9"]
[EventCountry "GER"]
[SourceTitle "EXT 2022"]
[Source "ChessBase"]
[SourceDate "2021.10.06"]
[SourceVersion "1"]
[SourceVersionDate "2021.10.06"]
[SourceQuality "1"]
[WhiteTeam "Werl SC 1981"]
[BlackTeam "Steele/Kray Rochade II"]
[WhiteTeamCountry "GER"]
[BlackTeamCountry "GER"]

1. e4 c6 2. d4 d5 3. Nc3 e6 4. Nf3 Bb4 5. e5 c5 6. Be2 cxd4 7. Qxd4 Bxc3+ 8. Qxc3 Bd7 9. 0-0 Nc6 10. Bg5 Nge7 11. Rad1 h6 12. Bh4 0-0 13. Qa3 g5 14. Nxg5 hxg5 15. Bxg5 Qe8 16. Bf6 Ng6 17. Qg3 Nce7 18. h4 Nf5 19. Qg4 Nh6 20. Qh5 Kh7 21. Bg5 Rh8 22. Bxh6 Kg8 23. Qg5 Qe7 24. h5 Qxg5 25. Bxg5 Nf8 26. Bf6 Rh6 27. Rd3 Nh7 28. Rg3+ Kf8 29. Bg7+ Ke7 30. Bxh6 f5 1-0